• 首页
  • 本馆介绍
  • 公告通知
  • 最新文献
  • 馆藏检索
  • 电子资源
  • 读者导购
  • 参考咨询
  • 我的图书馆
  • 登录
  • 详细信息显示
  • 放入我的书架
  • 预约/预借图书
  • 作者相关作品
  • 分类相关作品
  • 丛书相关作品
  • 出版社相关作品

书目信息

  • 表格格式
  • 工作单格式
  • 卡片格式
题名:
人机交互概论——从理论到应用
    
 
作者: 程时伟 编著
分册:  
出版信息: 杭州   浙江大学出版社  2018.01
页数: 133页
开本: 26cm
丛书名:
单 册:
中图分类: TB18
科图分类:
主题词: 人-机系统--教材
电子资源:
ISBN: 978-7-308-17069-7
000 01363nam0 2200229 450
001 1035
005 20180927103235.75
010    @a978-7-308-17069-7@dCNY30.00
100    @a20180412d2018 em y0chiy50 ea
101 0  @achi
102    @aCN@b330000
105    @aak az 000yy
200 1  @a人机交互概论——从理论到应用@9ren ji jiao hu gai lun—— cong li lun dao ying yong@f程时伟编著
210    @a杭州@c浙江大学出版社@d2018.01
215    @a133页@c图@d26cm
320    @a有书目
330    @a共分八章。前三章主要介绍相关理论与方法:第1章介绍人机交互基础理论、发展历程,以及相关模型;第2章介绍用户模型、用户研究方法和评估方法;第3章介绍交互设计基础、概念设计方法,以及原型系统制作方法、技术和工具。后五章主要介绍相关应用技术和实践案例:第4章介绍移动设备交互技术和应用,重点介绍手机用户界面设计方法和案例;第5章介绍虚拟现实与增强现实交互技术的发展历程、现状,关键技术基础和应用案例;第6章介绍体感和手势交互的关键技术和应用领域,重点介绍了主流的开发工具和应用平台;第7章介绍了眼动跟踪交互的关键技术和应用案例;第8章介绍了脑电数据分析方法、脑机交互的基本原理,以及在脑机交互人机交互中的具体应用。此外,为了便于学生对全书内容的理解、复习和应用,还设计了各章的思考题,并附上参考文献列表,方便学生课后查阅相关文献资料,拓展知识视野。
606 0  @a人-机系统@j教材
690    @aTB18@v5
701  0 @a程时伟@9cheng shi wei@4编著
801  0 @aCN@b91MARC@c20180412
905    @aMuseLib@dTB18@e192
    
    人机交互概论——从理论到应用/程时伟编著.-杭州:浙江大学出版社,2018.01
    133页:图;26cm
    
    
    ISBN 978-7-308-17069-7:CNY30.00
    共分八章。前三章主要介绍相关理论与方法:第1章介绍人机交互基础理论、发展历程,以及相关模型;第2章介绍用户模型、用户研究方法和评估方法;第3章介绍交互设计基础、概念设计方法,以及原型系统制作方法、技术和工具。后五章主要介绍相关应用技术和实践案例:第4章介绍移动设备交互技术和应用,重点介绍手机用户界面设计方法和案例;第5章介绍虚拟现实与增强现实交互技术的发展历程、现状,关键技术基础和应用案例;第6章介绍体感和手势交互的关键技术和应用领域,重点介绍了主流的开发工具和应用平台;第7章介绍了眼动跟踪交互的关键技术和应用案例;第8章介绍了脑电数据分析方法、脑机交互的基本原理,以及在脑机交互人机交互中的具体应用。此外,为了便于学生对全书内容的理解、复习和应用,还设计了各章的思考题,并附上参考文献列表,方便学生课后查阅相关文献资料,拓展知识视野。
●
相关链接 在E读中查询图书 在五车中查询图书 在当当中查询图书 在豆瓣中查询图书


正题名:人机交互概论——从理论到应用     索取号:TB18/192         预约/预借

序号 登录号 条形码 馆藏地/架位号 状态 备注
1 1120859   211208593   第二样本阅览室/ [索取号:TB18/192] 在馆    
2 1120860   211208600   第三借阅区/ [索取号:TB18/192] 在馆    
3 1120861   211208619   第三借阅区/ [索取号:TB18/192] 在馆    
4 1120862   211208628   第三借阅区/ [索取号:TB18/192] 在馆    
5 1120863   211208637   第三借阅区/ [索取号:TB18/192] 在馆    
唐山师范学院图书馆 欢迎您!
大连网信软件有限公司© 版权所有